000 00325nam a22001457a 4500
008 230907b ||||| |||| 00| 0 eng d
020 _a9780716733874
041 _aeng
080 _a101
082 _a101SHE
100 _a44
101 _aFILOZ
245 _aWHY PEOPLE BELIEVE WEIRD THINGS
_cSHERMER.M
942 _2udc
_cBK
999 _c60275
_d60275